000 01388namaa22003251i 4500
005 20260419115135.0
008 260303s1994 ua a|||frm||| 000 0 eng d
040 _aEG-GICUC
_beng
_cEG-GICUC
_dEG-GICUC
_erda
041 0 _aeng
_beng
_bara
049 _aDeposit
097 _aM.Sc
099 _aCai01.07.13.M.Sc.1994.Ab.E
100 0 _aAbeer Tahsin Mohsen,
_epreparation.
245 1 0 _aEffect of some pre harvest treatments on fruit quality and storage of some peach cultivars /
_cBy Abeer Tahsin Mohsen; Supervised Prof. Dr. Fouad Abd El-Lateif, Prof. Dr. Reda Barakat, Dr. Mohamed Eissa
246 1 5 _aتأثير بعض معاملات قبل الجمع علي جودة وتخزين ثمار بعض أصناف الخوخ
264 0 _c1994.
300 _a114 Leaves :
_billustrations
_c30 cm. +
336 _2rda content
_atext
337 _2rdamedia
_aUnmediated
338 _2rdacarrier
_avolume
502 _aThesis (M.Sc.)-Cairo University, 1994
504 _aBibliography: pages 97-114
653 0 _astorage of some peach cultivars
700 0 _aFouad Abd El-Lateif
_ethesis advisor.
700 0 _aReda Barakat
_ethesis advisor.
700 0 _aMohamed Eissa
_ethesis advisor.
900 _DDepartment of Pomology
_FFaculty of Agriculture
_UCairo University
_b1994
_cFouad Abd El-Lateif
_cReda Barakat
_cMohamed Eissa
905 _aNehad
_eNourhan
942 _2ddc
_cTH
_e21
_n0
999 _c178836